| 000 | 00621nam a22002057a 4500 | ||
|---|---|---|---|
| 003 | OSt | ||
| 005 | 20260421075948.0 | ||
| 008 | 260421b |||||||| |||| 00| 0 eng d | ||
| 020 | _a0-07-366155-4 | ||
| 040 |
_aDWC-Main lib. _cOC |
||
| 082 |
_21st ed. _aCirc. 512 H973e 2000 |
||
| 100 | _aHutchinson, Donald | ||
| 245 |
_aElementary and intermediate algebra : _ba unified approach/ _cDonald Hutchinson |
||
| 260 |
_aBoston : _bMcGraw-Hill, _cc2000. |
||
| 300 |
_axviii, 880 p. _b+ 1 CD ROM |
||
| 504 | _aIncludes index. | ||
| 650 | _a1. Algebra. | ||
| 760 | _b1st ed. | ||
| 942 |
_2ddc _cBK-CIRC _e1st ed. _hCirc. _n0 |
||
| 999 |
_c9599 _d9599 |
||